000 00434nam a2200097Ia 4500
008 180130s9999 xx 000 0 und d
245 _cTang, Xuning; Yang, Christopher C.
_aSocial network integration and analysis using a generalization and probabilistic approach for privacy preservation
260 _c2016
300 _aBook title: Computer and information security--Acession number C20546; pages 27-40
650 _aINFORMATION SECURITY
999 _c354108
_d354108